Tutti i Paesi Moderni Controllati dalla Cina - Statistics

Statistiche generali
  • Questo quiz è stato fatto 2.297 volte
  • Il punteggio medio è 35 su 39
Risposte nella Mappa
Le risposte nella mappa del quiz sottostante sono codificate secondo una scala di colori dal rosso al verde in base alla % di persone che hanno risposto correttamente.
 
Statistiche sulle risposte
Countries % Corretto
Cina
99%
Giappone
98%
Mongolia
98%
Russia
98%
Corea del Nord
97%
Corea del Sud
97%
India
97%
Indonesia
96%
Kazakistan
96%
Nepal
95%
Sri Lanka
95%
Thailandia
95%
Vietnam
95%
Afghanistan
94%
Bangladesh
94%
Taiwan
94%
Uzbekistan
94%
Arabia Saudita
93%
Iran
93%
Laos
93%
Birmania
92%
Pakistan
92%
Turkmenistan
92%
Cambogia
91%
Filippine
91%
Bhutan
90%
Malesia
90%
Qatar
90%
Tagikistan
90%
Yemen
90%
Emirati Arabi Uniti
89%
Kirghizistan
89%
Georgia
87%
Oman
86%
Somalia
86%
Brunei
80%
Kenya
78%
Maldive
74%
Bahrain
59%
Nessun quiz corrispondente trovato
Distribuzione punteggi
Percentuale di utenti per punteggio
Percentile per numero di risposta
I tuoi punteggi nel tempo
Non hai fatto questo quiz